000 00751cam a22001815a 4500
001 L156254
008 120509s1845 xxk f 000 0 eng d
035 _a(Sirsi) u156254
041 0 _aeng
100 1 _aLewis, Samuel
_dd. 1865
245 0 0 _aAtlas to the topographical dictionaries of England and Wales
_bcomprising a general map of England and Wales, a plan of London, and maps of the Counties of Anglesea, Bedford, ...
260 _aLondon
_bPublished by S. Lewis and Co., 13, Finsbury Place, South.
_cM.DCCC.XLV [1845]
300 _a[2] p., [57] leaves of plates (some fold.)
_bmaps (col.)
_c30 cm.
583 0 _aCondition reviewed
_c20120620
_lcondition level 1
651 4 _aEngland and Wales
_y1543-
690 _aGeomatics
_96242
942 _n0
999 _c114130
_d114130